An introduction to electrical engineering materials (Record no. 13546)

000 -LEADER
fixed length control field 00345nam a22001337a 4500
020 ## - INTERNATIONAL STANDARD BOOK NUMBER
International Standard Book Number 8121906660
082 ## - DEWEY DECIMAL CLASSIFICATION NUMBER
Classification number 621.3 IND
100 ## - MAIN ENTRY--PERSONAL NAME
Personal name C. S. Indulkar
245 ## - TITLE STATEMENT
Title An introduction to electrical engineering materials
260 ## - PUBLICATION, DISTRIBUTION, ETC.
Place of publication, distribution, etc. New Delhi
Name of publisher, distributor, etc. S. Chand
Date of publication, distribution, etc. 2013
300 ## - PHYSICAL DESCRIPTION
Extent 379p.
Other physical details ill.;
650 ## - SUBJECT ADDED ENTRY--TOPICAL TERM
Topical term or geographic name entry element Electrical Engineering
-- Materials
942 ## - ADDED ENTRY ELEMENTS (KOHA)
Koha item type Book
Holdings
Withdrawn status Lost status Damaged status Not for loan Collection code Permanent Location Current Location Shelving location Date acquired Source of acquisition Cost, normal purchase price Total Checkouts Full call number Barcode Date last seen Price effective from Koha item type
          Central Library (CL) Central Library (CL) General Stacks 04/15/2016 Allied Book Company 411.40   621.3 IND SEECS013424 04/16/2016 04/16/2016 Book
© 2023 Central Library, National University of Sciences and Technology. All Rights Reserved.